| 000 | 00671nam a2200181 i 4500 | ||
|---|---|---|---|
| 001 | 87632 | ||
| 003 | ES-MaACL | ||
| 005 | 20230906175717.0 | ||
| 007 | t| | ||
| 008 | 041222s1925 sp ||||1| spa d | ||
| 100 | 1 |
_aKuester, F. W. _968965 |
|
| 245 | 1 | 0 |
_aTablas logarítmicas para químicos farmaceúticos, médicos y físicos / _cpor F.W. Kuester ; adaptadas al estado actual de la ciencia por A. Thiel ; traducidas de la vigésimo novena edición alemana por C. Lana Sarrate. |
| 260 |
_aBarcelona : _b[s.n., _c1925] ( _fImp. Layetana) |
||
| 300 |
_a132 p. ; _c19 cm. |
||
| 700 | 1 |
_aThiel, A. _9109934 |
|
| 700 | 1 |
_aLana Sarrate, C. _969887 |
|
| 852 |
_aES-MaACL _jA-3189 |
||
| 999 |
_c87632 _d87632 |
||